Statistics for Kentucky Basketball Quiz

Click here to take the quiz!

General Stats

  • This quiz has been taken 416 times
    (412 since last reset)
  • The average score is 10 of 14

Answer Stats

QuestionAnswer% Correct
How many championships do they have?8
95%
What conference does Kentucky play in?Sec
94%
What division do they play in?1
92%
Who is the current coach?John Calipari
90%
What is their arena name?Rupp Arena
86%
Who is the coaches son, who plays on the team?Brad Calipari
85%
Who was the kentucky player that was the 1st overal draft pick in the 2015 NBA draft?Karl-Anthony Towns
73%
What team is kentucky's rivalry?Louisville
67%
What team did he get drafted to?Timberwolves
67%
How many coaches have they had in total?22
64%
Who was the kentucky player who went up against Lonzo Ball in March Madness?De'Aaron Fox
61%
How many players are in the NBA after playing for coach cal?26
56%
When the coach of Kentucky coached for Memphis before coaching Kentucky, Who did he coach and is now on the Cleveland Cavaliers?Derrick Rose
36%
How many players in total played on kentucky and is now in the NBA?107
8%

Score Distribution

Percentile by Number Answered

Percent of People with Each Score

Your Score History

You have not taken this quiz since the last reset